[Event "Linares m"]
[Site "Linares"]
[Date "1992.??.??"]
[Round "8"]
[White "Anand, Viswanathan"]
[Black "Ivanchuk, Vassily"]
[Result "1-0"]
[WhiteElo "2690"]
[BlackElo "2720"]
[Annotator "Anand,V"]
[PlyCount "73"]
[EventDate "1992.09.??"]
[EventType "match"]
[EventRounds "8"]
[EventCountry "ESP"]
[SourceTitle "CBM 031"]
[Source "ChessBase"]
[SourceDate "1992.12.01"]
[SourceVersion "1"]
[SourceVersionDate "1992.12.01"]
[SourceQuality "1"]

1. e4 e6 2. d4 d5 3. Nc3 Nf6 4. Bg5 Bb4 5. e5 h6 6. Bd2 Bxc3 7. bxc3 Ne4 8. Qg4
Kf8 9. Nf3 $6 {I must make a horrible confession- I didn't know `theory' after
8...Kf8. ECO gives White a clear edge after 9.h4} (9. h4 $1) 9... c5 10. Bd3
Nxd2 11. Kxd2 Nc6 12. Qf4 Qe7 $10 13. a3 (13. dxc5 $5 Qxc5 14. Nd4 Nd8 $1 {
/\ Bd7,Rc8}) (13. Rhb1 c4 14. Be2 Qa3 $15) 13... Bd7 14. Rhb1 b6 15. Qe3 Na5 $1
16. Ke1 (16. dxc5 Qxc5 17. Qxc5+ bxc5 $15 18. Bb5 Ke7) 16... Rc8 (16... Ke8) (
16... c4 17. Be2 Ke8 $15 {Ivanchuk could have played c4 here and for the next
few moves. Black keeps a  slight edge without any danger of losing. In view of
the match situation he understanably did not want to close the queenside but
this backfires}) 17. Kf1 Ke8 18. Kg1 Kd8 19. h3 Kc7 (19... c4 20. Be2 Kc7 $15)
20. Ba6 Rb8 21. dxc5 Qxc5 $2 {This is the real error. After this it seems that
white is better} (21... bxc5 $1 22. c4 $1 Rb6 (22... d4 23. Qd2 Nc6 24. Bb5 $14
) 23. cxd5 exd5 24. Bf1 Rhb8 $13) 22. Nd4 $14 Nc4 23. Qf4 Rhf8 (23... Rbf8 {
/\Kb8} 24. a4 $14) 24. Rb4 $1 b5 (24... g5 25. Qg3 Nd2 26. Qe3 Ne4 $2 27. c4)
25. Rab1 Rb6 (25... Nxa3 26. R1b3) (25... g5 26. Qg3 Nd2 $2 27. Qe3 $1) 26.
Nxb5+ $6 (26. Bxb5 $1 a5 (26... Nxa3 27. Qe3 $1 Qe7 28. Ra1) 27. R4b3 (27. Bxd7
axb4 28. axb4 Qe7 29. Bb5 $44) 27... Nxa3 28. Qe3 Qe7 29. Bxd7 Nxb1 30. Nxe6+
$1 $18) 26... Bxb5 27. Rxb5 Qxa3 28. Rxb6 Nxb6 $14 29. Qd4 Rb8 30. Bb5 $1 (30.
Bd3 Nd7 $14) 30... Rb7 31. Rb3 Qe7 32. Ba6 Rb8 33. c4 dxc4 34. Bxc4 $16 {>< <<}
Rd8 35. Qe4 Kb8 36. Be2 $1 Qc7 37. Bf3 {(.)} (37. Bf3 Kc8 38. g3 $16 (38. Rc3
$2 Rd1+ $1 39. Bxd1 Qxc3 $10)) (37. c4 $1 Qc5 $140 (37... Rd7 38. Rb5 $16) 38.
Bf3 $18) 1-0

[Event "Bundesliga 1011"]
[Site "Germany"]
[Date "2011.02.27"]
[Round "11.5"]
[White "Areshchenko, Alexander"]
[Black "Glek, Igor Vladimirovich"]
[Result "1-0"]
[WhiteElo "2664"]
[BlackElo "2467"]
[Annotator "Areshchenko/Meyer,CD"]
[PlyCount "59"]
[EventDate "2010.10.09"]
[EventType "team-tourn"]
[EventRounds "15"]
[EventCountry "GER"]
[SourceTitle "CBM 141"]
[Source "ChessBase"]
[SourceDate "2011.03.17"]
[SourceVersion "1"]
[SourceVersionDate "2011.03.17"]
[SourceQuality "1"]
[WhiteTeam "Werder Bremen"]
[BlackTeam "Katernberg"]
[WhiteTeamCountry "GER"]
[BlackTeamCountry "GER"]

1. e4 e6 2. d4 d5 3. Nc3 Nf6 4. Bg5 Bb4 5. e5 h6 6. Be3 $5 {R. Spielmann} Ne4
7. Qg4 g6 {"!" V. Moskalenko} 8. a3 Bxc3+ 9. bxc3 Nxc3 (9... c5 {"Black
declines any gifts and fights for the initiative, in the true spirit of the
MacCutcheon."} 10. Bd3 h5 $5 {"The right method in the MacCutcheon is the
'Black Jet' counterattack with ...h5 and ...g5!"} 11. Qf4 g5 $1 12. Qf3 Nxc3
13. dxc5 d4 14. Bd2 Nc6 (14... g4) 15. Qf6 Qxf6 16. exf6 Na4 $1 17. Bxg5 Nxc5
18. Nf3 Nxd3+ 19. cxd3 b6 20. Rc1 Bb7 21. Kd2 Rd8 22. Rc2 Rd5 23. Rhc1 Kd7 24.
Bf4 Rc8 $11 {, Areshchenko - Smerdon, Port Erin 2007; Quelle: "The Flexible
French" von Viktor Moskalenko}) 10. Bd3 Nc6 11. Ne2 {N?} ({I} 11. h4 Ne7 12. h5
g5 13. Ne2 Nxe2 14. Qxe2 Nf5 $5 {, Moskalenko}) ({II} 11. Nf3 b6 $5 12. Bd2 Ne4
$13 {, Moskalenko}) 11... Nxe2 12. Qxe2 Bd7 (12... Qh4 $5 13. Qd2 $44 {,
Areshchenko} Bd7 14. O-O (14. Rb1) 14... Nxd4 (14... O-O 15. g3 Qe7 16. c3) (
14... O-O-O 15. Rab1) 15. Qb4) 13. h4 (13. O-O $5 Ne7 14. Qd2 Nf5 15. Bxf5 gxf5
16. Rab1 Bc6 17. Rb3 $13 {, Areshchenko}) 13... f5 $6 (13... Qe7 $142 14. Qd2
Qf8 15. O-O O-O-O $13 {;} 16. c4 $44 {Areshchenko}) 14. Qd2 $1 h5 {Nimmt eine
merkliche Schwächung der dunklen Felder in Kauf und vertraut auf die Blockade
des Königsflügels.} ({"?", Areschchenko;} 14... Qe7 $142 15. Bxh6 Nxd4 16. Bg5
Qc5 17. O-O (17. Bf6) (17. Rb1) 17... Nc6 18. Bf6 Rh7 19. Rfb1 b6 20. a4 $44 {
, Areshchenko}) 15. Bg5 Qc8 $2 (15... Ne7 {war eher zu versuchen, z.B.} 16. Bf6
Rh7 17. O-O (17. Qg5 c5) 17... Bc6 18. Rfb1 (18. Qg5 Qd7) 18... Qd7 $14 {
Schwarz hätte sein Figurenknäuel entwirrt und sich noch die Möglichkeit der
langen Rochade bewahrt.}) 16. Bf6 $16 Rh7 17. Qf4 $5 ({Eine interessante
Alternative bestand in} 17. Be2 $5 {mit dem Plan h3-g3, z.B.} Ne7 18. Rh3 Bc6
19. Bxe7 Kxe7 20. Qg5+ Kd7 21. Qxg6 Qg8 22. Rg3 Qxg6 23. Rxg6 a6 24. a4 Ke7 25.
Kd2 $16 {und Weiß hat ein vorteilhaftes Endspiel.}) 17... Kf8 $2 ({Fatale
Überschätzung seiner Verteidigungsressourcen,} 17... Ne7 {war immer noch das
geringere Übel:} 18. Qg5 c5 19. Bxe7 Rxe7 20. Qxg6+ Kd8 21. Qxh5 cxd4 22. Qh8+
Kc7 23. Qxc8+ Rxc8 24. O-O-O Kb6 25. h5 $16 {. Nun nach dem Textzug rennt der
schwarze Monarch ins offene Messer.}) 18. g4 $1 {Im Stile des unvergessenen
Rudolf Spielmann bricht Alexander Areshchenko mit zwei weiteren, brachialen
Bauernopfern die Blockade und rückt dem schwarzen König zu Leibe.} hxg4 (18...
Be8 19. gxh5 Rxh5 (19... gxh5 20. O-O-O {nebst Besetzung der g-Linie}) 20. Be2
Rh7 21. h5 gxh5 (21... Bf7 22. Qg5) 22. O-O-O $18) 19. f3 $1 gxf3 ({I} 19... g3
20. O-O-O (20. Kd2 Rh5) 20... Be8 (20... Rh5 21. Qxg3 Be8 22. Be2 Qd7 23. f4
Qh7 24. Bxh5 Qxh5 25. Qg5 $18) 21. h5 $1 gxh5 22. Rdg1 Bf7 23. Rxg3 Ne7 24.
Rhg1 Ke8 25. Rg7 $40 {+-}) ({II} 19... Ne7 20. fxg4 $18 {Areshchenko}) 20. Kf2
({Mit dem Plan h5 und einer Invasion der Schwerfiguren auf der g-Linie, der
die Verteidigung nur hinhaltenden Widerstand entgegensetzen kann. Ebenfalls
gut sind sofortiges h5 und 0-0-0, z.B.: I} 20. h5 Be8 21. O-O-O gxh5 22. Rdg1
Qd7 23. Rg5 {Zugumstellung zu 20.0-0-0, siehe nächste Variante}) ({II} 20.
O-O-O Be8 (20... Qe8 21. Rdg1 Qf7 22. h5 gxh5 23. Rh3 (23. Rg5 Ne7 24. Rhg1 h4)
) 21. Rdg1 Qd7 (21... Bf7 22. h5 gxh5 23. Rg7) (21... Rh5 22. Rg5 Rh7 23. h5)
22. h5 gxh5 (22... Ne7 23. hxg6 Nxg6 24. Qxf3 Qf7 25. Rxh7 Qxh7 26. Rh1 $18)
23. Rg5 Ne7 24. Qg3 h4 (24... Ng6 25. Rgxh5 Rxh5 26. Rxh5 Qf7 27. Qg5 $18) 25.
Rxh4 Ng6 26. Rh3 Qf7 27. Qh2 Rxh3 28. Qxh3 Qg8 29. Bxf5 $1 Bf7 (29... exf5 30.
e6 $18 Qxe6 31. Qh6+ Kg8 32. Qg7#) 30. Qh6+ Ke8 31. Bxg6 $18) 20... Be8 ({
Alternativen, z.B.: I} 20... Kf7 21. h5 (21. Rag1 Qg8 22. h5 $18) 21... g5 22.
Qxg5 Qg8 23. Qg6+ $1 Kf8 24. Rag1 Qf7 25. h6 $18) ({II} 20... Qe8 21. Rag1 Qf7
(21... Rh5 22. Rg5 Rh7 23. Rhg1 Ne7 24. h5 Bb5 (24... Rh6 25. Rxf5) 25. Bxe7+
Kxe7 26. Rxg6 $18 Bxd3 27. Rg7+ Rxg7 28. Rxg7+ Kd8 29. Qg5+ Kc8 30. Rg8) 22.
Rg5 $1 (22. h5 $6 gxh5 23. Rh3 Ne7 24. Rhg3 h4 25. Rg7 Rxg7 26. Rxg7 Qxg7 27.
Bxg7+ Kxg7 28. Qxh4 Ng6 29. Qf6+ Kh6 30. Qf7 Rd8 $13 {/=}) 22... Ne7 23. Rhg1
Be8 (23... c5 24. h5 gxh5 25. Qh4 Nc6 (25... Re8) (25... c4 26. Bxe7+ $18) 26.
Qg3 Ne7 27. Bxe7+ Kxe7 28. Qh4 $1 Kf8 29. Rg6 {/\Rf6+-}) 24. h5 Qg8 25. c4 $5 (
25. Qxf3) 25... c6 26. Bxe7+ Kxe7 27. hxg6 Rg7 28. cxd5 cxd5 29. Rxf5 $3 $18
exf5 30. Qg5+ Kd7 31. Qf6) 21. h5 gxh5 22. Rag1 Bf7 (22... Qd7 23. Rg5 Qf7 (
23... Bf7 24. Qg3 $18 Qe8 25. Rg1 Ne7 26. Rg7) 24. Rhg1 $18 Ne7 25. Rg7 Rxg7
26. Rxg7 Qxg7 27. Bxg7+ Kxg7 28. Qg5+ Ng6 (28... Kf8 29. Qh6+ Kg8 30. Qxe6+ Kf8
31. Qf6+) 29. Qf6+ Kh6 30. Qxe6) 23. Rg7 $1 Rxg7 24. Qh6 Ke8 25. Qxg7 $18 a6 (
25... Ne7 26. Rxh5 $18) 26. c3 ({Oder auch: I} 26. Rg1 Nxd4 27. Qh7 Kd7 28.
Qxf7+ Kc6 29. Rg7) ({II} 26. Bxf5 $3 {"von einem Silikon-Freund für die
Galerie"} exf5 27. Rxh5 Bxh5 28. Qg8+ Kd7 29. Qxd5+ Ke8 30. Qg8+ Kd7 31. Qh7+
Ke6 32. c4 $18) 26... b5 27. Rg1 Nd8 28. Qh7 Kd7 29. Rg8 Kc6 30. Rxd8 {- eine
gefällige Angriffsleistung} 1-0

[Event "Zuerich Kortschnoj-B"]
[Site "Zuerich"]
[Date "2001.04.28"]
[Round "1"]
[White "Jenni, Florian"]
[Black "Kortschnoj, Viktor Lvovich"]
[Result "0-1"]
[WhiteElo "2471"]
[BlackElo "2643"]
[Annotator "Bangiev,A"]
[PlyCount "56"]
[EventDate "2001.04.28"]
[EventType "tourn"]
[EventRounds "5"]
[EventCountry "SUI"]
[EventCategory "15"]
[SourceTitle "CBM 083"]
[Source "ChessBase"]
[SourceDate "2001.07.05"]
[SourceVersion "1"]
[SourceVersionDate "2001.07.05"]
[SourceQuality "1"]

1. e4 e6 2. d4 d5 3. Nc3 Nf6 4. Bg5 Bb4 5. e5 h6 6. Bd2 Bxc3 7. bxc3 Ne4 8. Qg4
Kf8 9. h4 c5 10. Bd3 Nxd2 11. Kxd2 c4 12. Be2 Nc6 13. Rh3 Rg8 {[%mdl 8] Ein
neuer Plan. Der Nachziehende ist bemüht, die schwachen Felder f7 und g7 zu
verteidigen.} 14. Rf3 (14. Qf4 $5 {/\Bh5}) 14... Ke7 $5 15. Nh3 (15. Qh5 Qe8 (
15... Rf8 16. Rg3 Rg8 17. Rf3 Rf8 $11) 16. Kc1 Nd8 17. a4 (17. Nh3 Qa4 18. Nf4
Qa3+ 19. Kd2 Qb2 $17) 17... a5 18. g4 Bd7) 15... Qa5 16. Qf4 Rf8 (16... Nd8 17.
g4 $1 (17. Rg3 $6 Bd7 $132) 17... Bd7 18. g5 Rh8 (18... hxg5 19. hxg5 Rh8 20.
g6 $1) 19. gxh6 Rxh6 20. Rg3 $36) 17. Rg3 Rg8 18. Bh5 Nd8 19. Re1 $5 {Der Turm
a1 soll den Angriff auf f7 bzw. g7 unterstützen.} b5 (19... Bd7 {/\Be8} 20.
Rxg7 $3 (20. Ree3 Be8 $132) 20... Rxg7 21. Qf6+ Kf8 22. Qxh6 Kg8 23. Re3 Qxa2
24. Ng5 Ba4 25. Bd1 Rg6 (25... Nc6 26. Nh7 $1 $18) 26. Qh7+ Kf8 27. Nxf7 Rg7 (
27... Nxf7 28. Qxg6 $16) (27... Bxc2 28. Bxc2 Rg7 29. Qh8+ Rg8 30. Qh6+ $16)
28. Qh8+ Rg8 29. Qh6+ Ke7 30. Nd6 {/\Qh7} Be8 31. Bh5 Bxh5 32. Qxh5 Rf8 33. Rf3
$1 $18) 20. a3 $6 (20. Ree3 $1 g6 (20... Bd7 $2 21. Rxg7 $3 Rxg7 22. Qf6+ Kf8
23. Qxh6 Kg8 24. Ng5 Qxa2 25. Nh7 $1 $18) (20... b4 $2 21. Bxf7 $3 Nxf7 22.
Ref3 $40 Nd8 23. Rxg7+ $18) 21. Qxh6 Qxa2 22. Qh7 $16) 20... Qxa3 $6 (20... Bd7
{/\Be8} 21. Rxg7 $6 (21. Ree3 Qxa3 $17) (21. Ra1 $15) 21... Rxg7 22. Qf6+ Kf8
23. Qxh6 Qxa3 24. Ng5 {/\Nh7} Kg8 $1 25. Re3 {/\Nh7} b4 $1 26. Nh7 (26. Rg3
bxc3+ 27. Rxc3 (27. Ke2 Qc1 $19) 27... Qb4 $19) 26... Qxc3+ $1 {In diesem Zug
steckt die Pointe des schwarzen Gegenangriffs.} 27. Rxc3 bxc3+ 28. Kxc3 Rxh7
$19) 21. Rxg7 Rxg7 22. Qf6+ Kd7 23. Qxg7 b4 24. Re3 $2 (24. cxb4 Qb2 $5 (24...
Qxb4+ 25. Ke2 Qc3 (25... c3 26. Ke3 $36) 26. Bxf7 Qxc2+ 27. Kf1 $16) 25. Qxh6 (
25. Bxf7 Qxb4+ 26. Ke2 Qe7 $17) 25... c3+ (25... Qxd4+ 26. Ke2 Qxe5+ 27. Kf1
Qf5 28. Nf4 $14) 26. Kd1 Qxb4 27. Qf4 Ba6 $132) 24... b3 $1 $17 25. Re1 (25.
cxb3 cxb3 $16) 25... Rb8 26. Nf4 Qa2 27. Bxf7 (27. Bg6 Kc6 $1) 27... Qxc2+ 28.
Ke3 Qe4+ 0-1

[Event "Festival comtois 3rd"]
[Site "Belfort"]
[Date "1998.12.19"]
[Round "6"]
[White "Degraeve, Jean Marc"]
[Black "Gurevich, Mikhail"]
[Result "0-1"]
[WhiteElo "2580"]
[BlackElo "2610"]
[Annotator "Finkel,A"]
[PlyCount "122"]
[EventDate "1998.12.14"]
[EventType "tourn"]
[EventRounds "10"]
[EventCountry "FRA"]
[EventCategory "13"]
[SourceTitle "CBM 069"]
[Source "ChessBase"]
[SourceDate "1999.04.01"]
[SourceVersion "1"]
[SourceVersionDate "1999.04.01"]
[SourceQuality "1"]

1. e4 e6 2. d4 d5 3. Nc3 Nf6 4. Bg5 Bb4 5. e5 h6 6. Bd2 Bxc3 7. bxc3 Ne4 8. Qg4
g6 9. Bd3 Nxd2 10. Kxd2 c5 11. Nf3 Bd7 (11... cxd4 12. cxd4 Qa5+ 13. c3 Nd7 14.
Bxg6 $5 fxg6 15. Qxe6+ Kd8 16. Qxg6 Qb6 17. Qc2 $13 {Schulz,R-Goebel,W/RLNS
1991 (41)}) (11... b6 12. h4 Qe7 13. Rhb1 Bd7 14. a4 Nc6 15. Qf4 Rc8 16. g4 Kd8
$132 {Elssauid,A-Teo Kok Siong/Novi Sad olm 1990}) (11... Qe7 12. Rhb1 Nc6 13.
a4 c4 14. Be2 b6 15. h4 Bd7 16. Qf4 O-O-O $13 {Pedzich,D-Daly,C/Cappelle op
1995 (41)}) (11... c4 $6 12. Be2 Bd7 13. h4 Nc6 14. Qf4 Qe7 15. Nh2 h5 16. Nf3
$14 {Shtyrenkov,V-Romanov,O/Pardubice op 1995 (35)}) (11... Qa5 12. a4 Nc6 13.
Qf4 Bd7 14. dxc5 Qxc5 15. Nd4 Nxd4 16. Qxd4 Rc8 17. Rhb1 $14 {Hallebeek,
F-Zueger,B/Lugano op 1989 (39)}) 12. Qf4 Bc6 13. h4 Nd7 14. Rhe1 $6 {It's
quiet clear that white doesn't have a plan and simply move the pieces.This
move is just waste of time,however causing no real demage because the position
is closed and a loss of one tempo isn't that significient,but his next moves
causes real harm!} (14. h5 $5 g5 15. Qe3 Qa5 (15... Qe7 16. Nh2) 16. Rhb1 Rc8
17. Nh2 cxd4 18. Qxd4 Rc7 19. Ng4 $14) 14... Qe7 15. a4 $2 {On a4 the pawn
becomes perfect target for the black pieces for the rest of the game and as
strange as it sounds this move is the main reason of white's loss.} (15. h5 $5)
15... c4 $15 16. Be2 a5 $1 {[%csl Ra4] Otherwise the pawn would move to a5.}
17. Ra2 {17...Nb6 was threatened and it's the only way to defend the pawn.} (
17. Nh2 $5 Nb6 $6 (17... g5 18. Qe3) 18. Reb1 Nxa4 19. Ng4 h5 20. Nf6+ Kd8 21.
Qg5 b5 22. f3 Nb6 23. g4 hxg4 24. fxg4 $15) 17... O-O-O 18. Nh2 g5 19. hxg5 ({
Nothing changes} 19. Qe3 gxh4 20. Ng4 h5 21. Nh2 Rdg8 22. Bf3 Qg5 $15 {and
white is in troubles.}) 19... Qxg5 (19... hxg5 $6 20. Qg3 f5 21. exf6 Nxf6 22.
Bf3 $13) 20. Qxg5 hxg5 21. Ng4 Rh7 22. g3 Kc7 $1 {First of all black improves
the position of the pieces and only then transferes f6.} 23. Bf3 Rf8 24. Ke3 f5
25. exf6 Nxf6 26. Ne5 Nd7 (26... Be8) 27. Bg4 ({Much worse is} 27. Nxc6 Kxc6 {
[%csl Rf2]} 28. Bg4 (28. Be2 Rh2 $1 (28... Nf6 $6 {[%csl Rb6]} 29. Rb2 b6 30.
Reb1 Rb7 31. f3 Nh5 32. Kf2 $13) 29. f3 e5 30. Rb2 Re8 $1 {[%csl Re3][%cal
Ge8e1,Gh2d2]} 31. dxe5 Nxe5 $19) 28... Nf6 29. Bf3 (29. Bxe6 Re7 30. Kd2 Rfe8
$19) 29... g4 30. Bg2 (30. Be2 Ne4) 30... Rh2 31. Rg1 Ne4 $1 32. Bxe4 dxe4 33.
Rf1 Kd5 $17 {with huge advantage of black in both cases.}) 27... Kd6 28. Nxd7 (
{Now ,when the bishop is already on g4, the idea to take on c6 is not so bad.} 
28. Nxc6 $5 Kxc6 29. Rb2 {with counterchanses.}) 28... Bxd7 29. Raa1 Rh2 30.
Re2 Bc6 31. Rd2 ({Of course not} 31. f4 gxf4+ 32. gxf4 Rxe2+ 33. Bxe2 Rh8 34.
Bg4 Rh2 35. Ra2 Be8 $1 $17 {[%csl Ra4,Rc2] and the game is nearly decided.})
31... Rh6 32. Re2 Rhf6 33. Rb1 ({Deserved attention} 33. f3 $5 Rh8 34. Kd2 $15)
33... Kc7 {[%cal Gc6e8,Ge8g6] Preparing thetransfer of the bishop to g6.} 34.
Ra1 Be8 35. Rd2 Bg6 36. Rf1 Be4 37. f3 (37. f4) 37... Rh8 38. Rff2 Bg6 39. Rh2
Rff8 40. f4 $6 {The last move in the time-trouble as it happens quiet oftenly
is serious mistake.After correct} (40. Rde2 $1 {[%csl Re6]} Kd6 41. Rxh8 Rxh8
42. Kd2 $11 {black can hardly make any progress.}) 40... gxf4+ 41. gxf4 Kd6 42.
Rde2 Be4 $1 {That's the problem:now white doesn't have a counterplay against
e6.} 43. Bf3 Bf5 44. Kd2 $6 {[%cal Gd2c1,Gc1b2]} Rfg8 45. Kc1 {White has no
choice,but to give up the f-pawn.} (45. Rxh8 Rxh8 46. Bg2 Bg6 47. Bf3 Rh6 $1
$17 {[%cal Gg6e8]} (47... Be8 48. f5 $1 $132)) 45... Rg1+ 46. Kb2 Rxh2 47. Rxh2
Rf1 $17 {[%cal Gf1f4]} 48. Bh5 Rxf4 49. Rg2 Rh4 50. Be2 e5 51. dxe5+ Kxe5 52.
Rg8 Bd7 $1 {Back to the a-pawn!} (52... Rh2 53. Bd1) 53. Rb8 Bc6 54. Ra8 b6 55.
Rb8 Kd6 $1 $19 56. Bf3 ({Also after} 56. Rxb6 Kc7 57. Ra6 Kb7 58. Rxa5 Kb6 59.
Rb5+ Bxb5 60. axb5 Kxb5 $19 {white's position is hopeless.}) 56... Rf4 57. Bh1
Rf1 58. Rd8+ Kc5 59. Bg2 Rf2 60. Bh1 (60. Bh3 Bxa4) 60... Rf5 61. Ka3 Rf1 0-1

[Event "Dortmund SuperGM"]
[Site "Dortmund"]
[Date "2000.07.07"]
[Round "1"]
[White "Leko, Peter"]
[Black "Huebner, Robert"]
[Result "1-0"]
[WhiteElo "2743"]
[BlackElo "2615"]
[Annotator "Finkel,A"]
[PlyCount "105"]
[EventDate "2000.07.07"]
[EventType "tourn"]
[EventRounds "9"]
[EventCountry "GER"]
[EventCategory "17"]
[SourceTitle "CBM 078"]
[Source "ChessBase"]
[SourceDate "2000.10.18"]
[SourceVersion "1"]
[SourceVersionDate "2000.10.18"]
[SourceQuality "1"]

1. e4 e6 2. d4 d5 3. Nc3 Nf6 4. Bg5 Bb4 5. e5 h6 6. Bd2 Bxc3 7. bxc3 Ne4 8. Qg4
Kf8 9. Bd3 (9. h4 $5) 9... Nxd2 10. Kxd2 c5 11. Nf3 Nc6 12. dxc5 {After this
move the position seems to be very comfortable for black,but in reality
everything is not so simple:after changing the knights white has very
unpleasent pressure over the b-file.} (12. Qf4 Qe7 $10 (12... cxd4 13. cxd4 Nb4
14. Bg6 Qc7 15. c3 Nc6 16. g4 Ke8 17. Bd3 Bd7 18. g5 h5 19. g6 $36 {Martin
Vazquez,J-Torremarin Gonzalez,J/Vilanova op 1993}) 13. a3 (13. Rhb1 c4 14. Be2
Qa3 $15) 13... Bd7 14. Rhb1 b6 15. Qe3 Na5 $1 16. Ke1 (16. dxc5 Qxc5 17. Qxc5+
bxc5 $15 18. Bb5 Ke7) 16... Rc8 $15 {Anand,V-Ivanchuk,V/Linares m 1992}) (12.
h4 Qa5 13. dxc5 Qxc5 14. Rae1 Bd7 15. Nd4 Rc8 16. Nxc6 Rxc6 17. Qb4 Ke7 $11 {
Robbiano Taboada,C-Oblitas,C/PER-ch 1994}) 12... Qa5 13. Qf4 Qxc5 14. Nd4 Bd7 (
14... Nxd4 15. Qxd4 Qxd4 16. cxd4 Bd7 17. Rhb1 Rb8 18. a4 Ke7 19. a5 Bc6 20.
Ra3 $14 {Brynell,S-Bagirov,V/Leningrad 1989}) (14... Nd8 $1 {/\ Bd7,Rc8}) 15.
Rhb1 b6 16. a4 Na5 17. Ba6 Bc8 $6 {After this move white manages to get an
opening advantage.Black had an interesting opprtunity to solve the opening
problems:} (17... Nc4+ $5 18. Bxc4 (18. Kd3 Qc7) 18... dxc4 19. a5 b5 20. a6
Rb8 $132) 18. Bb5 Qe7 19. Nc6 $1 $14 Nxc6 20. Bxc6 Rb8 (20... Bb7 21. Bxb7 Qxb7
22. a5 Rb8 23. axb6 axb6 24. Ra3 $16 {[%csl Rb6,Rf7][%cal Gb1a1,Ga3a7]}) 21. a5
Qg5 $5 (21... Qc7 22. Qb4+ Kg8 23. Qd6 Qxd6 24. exd6 Bb7 25. Bxb7 $5 (25. axb6
$1 Bxc6 26. bxa7 {[%cal Ga7a8,Gd6d8]} Ra8 $8 (26... Rxb1 27. Rxb1 Kh7 28. Rb8
e5 29. Rxh8+ Kxh8 30. d7 $18) 27. Rb6 Bd7 28. Rb8+ Kh7 29. Rxh8+ Kxh8 30. c4
$16 {[%cal Gd2b6]}) 25... Rxb7 26. axb6 axb6 27. Ra6 b5 28. Rba1 Kh7 $14) 22.
Qxg5 hxg5 23. axb6 axb6 24. Ra7 $1 f6 $6 {Too passive.Very serious attention
deserved} (24... Rxh2 $1 25. Rba1 (25. c4 $5 Rxg2 26. Ke3 $36) 25... Rxg2 26.
Ke2 (26. Ke3 Rg4 27. Ra8 Re4+ 28. Kd3 Rxa8 29. Rxa8 Rxe5 30. Rxc8+ Ke7 31. Rb8
$14) 26... Rg4 (26... g4 27. Rh1 $1 $18 {[%csl Rf8,Rg2][%cal Ge2f1]}) 27. Ra8 (
27. f3 Rc4 $13) 27... Re4+ 28. Kd3 Rxa8 29. Rxa8 Rxe5 30. Rxc8+ Ke7 31. Rb8 $14
{and black may succed in fighting for draw.}) 25. c4 $1 $16 Rh4 $5 (25... dxc4
$2 26. Rba1 {[%csl Rf8][%cal Ga7c7,Ga1a7]} Kg8 27. Rc7 $16) 26. cxd5 Rd4+ 27.
Kc3 fxe5 28. Rb4 $1 {This strong move decides the game:the arising bishops
ending is just a matter of technique} exd5 (28... Rxd5 29. Bxd5 exd5 30. Rba4
Bf5 31. Ra8 d4+ 32. Kd2 $18) (28... Rd1 29. Re4) 29. Rxd4 exd4+ 30. Kxd4 Be6
31. Ke5 Bf7 32. Ra8 $18 {[%csl Rd5,Rg5]} Rxa8 33. Bxa8 d4 34. Kxd4 Ke7 35. Ke5
Be6 36. Be4 Bd7 37. c3 Be6 38. Bg6 $1 {[%csl Rg5][%cal Gf2f3,Gg6h5,Gh5g4,Ge5f5]
} Bc8 39. Bh5 Bd7 40. f3 Be6 41. Bg4 Bf7 42. Kf5 Kd6 43. Kxg5 Kc5 44. f4 Kc4
45. f5 Kxc3 46. f6 gxf6+ 47. Kxf6 Bc4 48. h4 b5 49. h5 b4 50. h6 b3 51. h7 b2
52. Bf5 $1 Bd3 53. Bxd3 1-0